El tragaluz de Antonio Buero Vallejo, prisma ético-social /
Na minha lista:
| Autor principal: | |
|---|---|
| Formato: | Desconhecido |
| Idioma: | Spanish |
| Assuntos: | |
| Tags: |
Adicionar Tag
Sem tags, seja o primeiro a adicionar uma tag!
|
MARC
| LEADER | 000000000a22000000004500 | ||
|---|---|---|---|
| 001 | 009716 | ||
| 041 | 0 | |a spa | |
| 100 | 1 | |a Sandoval de Fonseca, Virginia | |
| 245 | 1 | 3 | |a El tragaluz de Antonio Buero Vallejo, prisma ético-social / |c Virginia Sandoval de Fonseca. |
| 310 | |a semestral | ||
| 650 | 4 | |a BUERO VALLEJO, ANTONIO, 1916- | |
| 650 | 4 | |a EL TRAGALUZ | |
| 650 | 4 | |a CRITICAS | |
| 773 | 0 | |d Heredia, Costa Rica : Editorial de la Universidad Nacional |t Letras |g números 15-16-17 (1985-1986), páginas 360-372 | |
| 942 | |c ARC | ||
| 999 | |c 17043 |d 17043 | ||
